000 01661nam a22002537a 4500
999 _c57835
_d57835
003 Ge_BSU
005 20221221151628.0
008 210302s2020 ge ||||| |||| 00| 0 geo d
041 _ageo
080 _a581 შ-24
100 _4შარაბიძე, ალექსანდრე
245 _aზღვისპირა აჭარის მეორადი ფოტოცენოზები /
_cშარაბიძე, ალექსანდრე ; ხელმძღვანელები ნანი გვარიშვილი, ირაკლი მიქელაძე; ბსუ, საბუნებისმეტყველო მეცნიერებათა და ჯანდაცვის ფაკულტეტი, ბიოლოგიის დეპარტამენტი.
264 _aბათუმი,
_c2020.
300 _a151 გვ.
_b30 სმ.
504 _aბიბლიოგრ. გვ. 122-030
653 _aბიოლოგია
653 _aმცენარეთა ბიომრავალფეროვნება
653 _aდისერტაცია
700 _aგვარიშვილი, ნანი
_eხელმძღვანელი
_910293
700 _aმიქელაძე, ირაკლი
_eხელმძღვანელი
_94712
710 _aბსუ
_910294
710 _aსაბუნებისმეტყველო მეცნიერებათა და ჯანდაცვის ფაკულტეტი
_bბიოლოგიის დეპარტამენტი
_910295
942 _2udc
_cDS